La republica económica norteamericana (Registro nro. 5353)
[ vista simple ]
| 000 -LEADER | |
|---|---|
| fixed length control field | 01433 a2200205 4500 |
| 001 - CONTROL NUMBER | |
| control field | 54106 |
| 005 - DATE AND TIME OF LATEST TRANSACTION | |
| control field | 20260407155811.0 |
| 008 - FIXED-LENGTH DATA ELEMENTS--GENERAL INFORMATION | |
| fixed length control field | 260407a1968 arg spa d |
| 003 - CONTROL NUMBER IDENTIFIER | |
| control field | AR-UNSa-BCEJYS |
| 040 ## - CATALOGING SOURCE | |
| Original cataloging agency | AR-UNSa-BCEJYS |
| Language of cataloging | spa |
| Transcribing agency | AR-UNSa-BCEJYS |
| 080 ## - UNIVERSAL DECIMAL CLASSIFICATION NUMBER | |
| Universal Decimal Classification number | 330(73) |
| Common auxiliary subdivision | Economía de los Estados Unidos |
| 041 ## - LANGUAGE CODE | |
| Language code of text/sound track or separate title | spa |
| 100 1# - MAIN ENTRY--PERSONAL NAME | |
| Personal name | Berle, Adolf A. |
| 245 10 - TITLE STATEMENT | |
| Title | La republica económica norteamericana |
| 264 #1 - PRODUCTION, PUBLICATION, DISTRIBUTION, MANUFACTURE, AND COPYRIGHT NOTICE | |
| Place of production, publication, distribution, manufacture | Buenos Aires : |
| Name of producer, publisher, distributor, manufacturer | TEA (Tipográfica Editora Argentina) |
| Date of production, publication, distribution, manufacture, or copyright notice | 1968 |
| 300 ## - PHYSICAL DESCRIPTION | |
| Extent | 314 p. |
| Dimensions | 20 cm. |
| 505 ## - FORMATTED CONTENTS NOTE | |
| Formatted contents note | Primera parte: Teoría - I. Fragmentación de las concepciones económicas:la propiedad ante el análisis - II. Conceptos de la fisión del siglo XX: poder y propiedad,problema de aspectos - III. Fuentes de capital y cambios en el poder de tomar decisiones - IV. El mercado libre ¿es un amigo o una amenaza? - V. El proceso democrático:la política como medio de reparación - Segunda parte: Organización y estructura - VI. El Estado político asume la responsabilidad - VII. Estructura gubernamental de la república económica norteamericana - VIII. Dinero,crédito y capital - IX. Los mercados controlados - X. El sector del mercado libre: la industria y su concentración - XI. El trabajo:su poder y precio - XII. El Estado tutelar:el sector socializado - Tercera parte: Los valores - XIII. El sistema de valores y el "margen trascendental" |
| 590 ## - LOCAL NOTE (RLIN) | |
| Local note | niveau_biblio:m niveau_hierar:0 |
| 942 ## - ADDED ENTRY ELEMENTS (KOHA) | |
| Koha item type | |
| Withdrawn status | Lost status | Damaged status | Not for loan | Home library | Current library | Shelving location | Date acquired | Total checkouts | Full call number | Barcode | Date last seen | Price effective from | Koha item type |
|---|---|---|---|---|---|---|---|---|---|---|---|---|---|
| Biblioteca Prof. Eusebio Cleto del Rey | Biblioteca Prof. Eusebio Cleto del Rey | 07/04/2026 | 330(73) B514 | L39894 | 07/04/2026 | 07/04/2026 | Libro |